Customer experience analytics : (Record no. 366388)
[ view plain ]
| 000 -LEADER | |
|---|---|
| fixed length control field | 00661nam a22002057a 4500 |
| 003 - CONTROL NUMBER IDENTIFIER | |
| control field | 0 |
| 005 - DATE AND TIME OF LATEST TRANSACTION | |
| control field | 20240925095126.0 |
| 008 - FIXED-LENGTH DATA ELEMENTS--GENERAL INFORMATION | |
| fixed length control field | 240925b xxu||||| |||| 00| 0 eng d |
| 020 ## - INTERNATIONAL STANDARD BOOK NUMBER | |
| International Standard Book Number | 978-1-032-37076-7 |
| 050 ## - LIBRARY OF CONGRESS CALL NUMBER | |
| Classification number | HF 5415.335 |
| Item number | .Ar75 2023 |
| 100 ## - MAIN ENTRY--PERSONAL NAME | |
| Personal name | Arikan, Akin |
| 245 ## - TITLE STATEMENT | |
| Title | Customer experience analytics : |
| Remainder of title | how customers can better guide your web and app design decisions |
| Statement of responsibility, etc | Arikan, Akin |
| 260 ## - PUBLICATION, DISTRIBUTION, ETC. (IMPRINT) | |
| Place of publication, distribution, etc | New York |
| Name of publisher, distributor, etc | Routledge |
| Date of publication, distribution, etc | C2023 |
| 300 ## - PHYSICAL DESCRIPTION | |
| Extent | xiii, 326p.: |
| Other physical details | ill. : |
| Dimensions | 23cm. |
| 500 ## - GENERAL NOTE | |
| General note | Consumer satisfaction. |
| 500 ## - GENERAL NOTE | |
| General note | User interfaces (computer systems)--design. |
| 500 ## - GENERAL NOTE | |
| General note | Consumer behavior. |
| 650 ## - SUBJECT ADDED ENTRY--TOPICAL TERM | |
| Topical term or geographic name as entry element | Includes index. |
| 942 ## - ADDED ENTRY ELEMENTS (KOHA) | |
| Source of classification or shelving scheme | Library of Congress Classification |
| Koha item type | Books |
| Withdrawn status | Lost status | Source of classification or shelving scheme | Damaged status | Home library | Current library | Shelving location | Date acquired | Source of acquisition | Total Checkouts | Full call number | Barcode | Date last seen | Price effective from | Koha item type |
|---|---|---|---|---|---|---|---|---|---|---|---|---|---|---|
| Library of Congress Classification | College Library | College Library | Reserve Section | 09/25/2024 | Library Fund | HF 5415.335 .Ar75 2023 | C23594 | 09/25/2024 | 09/25/2024 | Books |